000 00839cam a22002533a 4500
001 39868
003 PGUSA
005 20140828083904.0
008 120531s2012||||xxu|||||s|||||000 1 eng d
040 _aPGUSA
_beng
042 _adc
050 4 _aPZ
100 1 _aBaum, L. Frank
_q(Lyman Frank),
_d1856-1919
245 1 0 _aGlinda of Oz :
_bIn which are Related the Exciting Experiences of Princess Ozma of Oz, and Dorothy, in their Hazardous Journey...
_h[electronic resource] /
_cL. Frank Baum
260 _bProject Gutenberg,
_c2012
506 _aPublic domain in the USA.
516 _aElectronic text
653 _aOz (Imaginary place) -- Fiction
653 _aFantasy
700 1 _aNeill, John R.
_q(John Rea),
_d1877-1943
830 0 _aProject Gutenberg
_v39868
856 4 0 _uhttp://www.gutenberg.org/ebooks/39868
942 _cEB
999 _c269121
_d269121